| 000 | 01485cab a2200385 4500 | ||
|---|---|---|---|
| 001 | ABS49272 | ||
| 008 | 090401t1993 xxu||||| |||| 00| 0 eng d | ||
| 035 | _a(Sirsi) u70655 | ||
| 041 | _aeng | ||
| 245 | _aLegally speaking | ||
| 260 | _c1993 | ||
| 350 | _a0 | ||
| 490 |
_aContract Journal _v396 (5940) 2 September 1993, 12-17(6) |
||
| 520 | _aReports on recent construction litigation; considers how to avoid pitfalls in non-standard contractual documentation and offers guidance on putting a structured construction programme together and tendering in a recovering economy. Lists contract consultants. | ||
| 650 | _aBALFOUR BEATTY BUILDING LTD V CHESTERMOUNT PROPERTIES LTD | ||
| 650 | _aBARCLAYS BANK PLC V FAIRCLOUGH BUILDING LTD | ||
| 650 | _aCLAIMS CONSULTANTS | ||
| 650 | _aCONTRACT CLAIMS | ||
| 650 | _aCONTRACT CONSULTANTS | ||
| 650 | _aDISCOUNTING | ||
| 650 | _aDRAKE & SKULL LTD V MCLAUGHLIN & HARVEY PLC | ||
| 650 | _aJF FINNEGAN LTD V FORD SELLAR MORRIS DEVELOPMENTS LTD | ||
| 650 | _aLAW REFORM (CONTRIBUTORY NEGLIGENCE) ACT 1945 | ||
| 650 | _aLIQUIDATED DAMAGES | ||
| 650 | _aMARKETING | ||
| 650 | _aMCALPINE HUMBEROAK LTD V MCDERMOTT INTERNATIONAL INC | ||
| 650 | _aMURPHY V BRENTWOOD DC | ||
| 650 | _aPHILIPS HONG KONG LTD V ATTORNEY GENERAL OF HONG KONG | ||
| 650 | _aPROFITABILITY | ||
| 650 | _aRISK ANALYSIS | ||
| 650 | _aTENDERING | ||
| 690 | _aBUILT ENVIRONMENT-BUILDING CONTRACT FORMS | ||
| 942 | _n0 | ||
| 948 | _c04/03/1997 | ||
| 999 |
_c44460 _d44460 |
||